Las leyes orgánicas y el sistema de las fuentes del derecho (Record no. 189896)

MARC details
000 -LEADER
campo de control de longitud fija 00959nam a22002291i 4500
001 - NÚMERO DE CONTROL
campo de control 189896
003 - IDENTIFICADOR DE NÚMERO DE CONTROL
campo de control SpMaBN
005 - FECHA Y HORA DE LA ÚLTIMA TRANSACCIÓN
campo de control 20250827093434.0
008 - DATOS DE LONGITUD FIJA--INFORMACIÓN GENERAL
campo de control de longitud fija 191220s1980 sp |||| | spa d
020 ## - NÚMERO INTERNACIONAL ESTÁNDAR DEL LIBRO
Número Internacional Estándar del Libro 84-369-0796-5
080 ## - NÚMERO DE LA CLASIFICACIÓN DECIMAL UNIVERSAL
Número de la Clasificación Decimal Universal 340.13
100 1# - ENTRADA PRINCIPAL--NOMBRE DE PERSONA
Nombre de persona Ortega Díaz-Ambrona, Juan Antonio.
9 (RLIN) 87450
245 14 - MENCIÓN DEL TÍTULO
Título Las leyes orgánicas y el sistema de las fuentes del derecho
Resto del título : discurso pronunciado el día 13 de octubre de 1980 /
Mención de responsabilidad, etc. por el académico de honor D. Juan Antonio Ortega Díaz-Ambrona y contestación del Excmo. Señor Antonio Fernández Rodríguez.
260 ## - PUBLICACIÓN, DISTRIBUCIÓN, ETC.
Lugar de publicación, distribución, etc. La Coruña :
Nombre del editor, distribuidor, etc. Academia Gallega de Jurisprudencia y Legislación,
Fecha de publicación, distribución, etc. 1980.
300 ## - DESCRIPCIÓN FÍSICA
Extensión 69 p. ;
Dimensiones 27 cm.
650 07 - PUNTO DE ACCESO ADICIONAL DE MATERIA--TÉRMINO DE MATERIA
Término de materia o nombre geográfico como elemento de entrada Derecho-
Subdivisión general Fuentes.
9 (RLIN) 11622
650 #7 - PUNTO DE ACCESO ADICIONAL DE MATERIA--TÉRMINO DE MATERIA
Término de materia o nombre geográfico como elemento de entrada Leyes orgánicas
Fuente del encabezamiento o término embne
9 (RLIN) 169209
700 1# - ENTRADA AGREGADA--NOMBRE PERSONAL
Nombre de persona Fernández Rodríguez, Antonio.
9 (RLIN) 50037
710 2# - ENTRADA AGREGADA--NOMBRE DE ENTIDAD CORPORATIVA
Nombre de entidad corporativa o nombre de jurisdicción como elemento de entrada Academia Gallega de Jurisprudencia y Legislación.
9 (RLIN) 1197
852 ## - LOCALIZACIÓN
Ubicación ES-MaACL
Número de control de estantería L-32479
Holdings
Estatus retirado Estado de pérdida Estado de daño No para préstamo Biblioteca de origen Biblioteca actual Ubicación en estantería Fecha de adquisición Fuente de adquisición Total de préstamos Signatura topográfica completa Código de barras Visto por última vez Precio de reemplazo Tipo de ítem Koha
        Biblioteca del Ateneo de Madrid Biblioteca del Ateneo de Madrid Depósito 2 20/12/2019     L-32479 1201430 23/02/2023 23/02/2023 Libro impreso